ملت ا سلا ميہ کے ا ختلا فا ت (ا سبا ب ا و ر ا ن کا تد ا ر ک) (Record no. 171479)

MARC details
000 -LEADER
fixed length control field 00831nam a22001937a 4500
005 - DATE AND TIME OF LATEST TRANSACTION
control field 20200114121828.0
010 ## - LCCN (DPL NO)
LC control number UR-10664
020 ## - INTERNATIONAL STANDARD BOOK NUMBER
Terms of availability 65.00
International Standard Book Number -
035 ## - SYSTEM CONTROL NUMBER
System control number U-9219
037 ## - SOURCE OF ACQUISITION
Source of stock number/acquisition DBAD/PUB
Stock number -
082 ## - DEWEY DECIMAL CLASSIFICATION NUMBER
Classification number 270
100 ## - MAIN ENTRY--PERSONAL NAME
Personal name ملت ا سلا ميہ کے ا ختلا فا ت (ا سبا ب ا و ر ا ن کا تد ا ر ک
245 ## - TITLE STATEMENT
Title ملت ا سلا ميہ کے ا ختلا فا ت (ا سبا ب ا و ر ا ن کا تد ا ر ک)
Statement of responsibility, etc ضمير ا لحسن خا ن فلا حی
246 ## - VARYING FORM OF TITLE
Remainder of title Milat-e-Islamia Ke Ikhtalafat (Urdu)
Title proper/short title by Zamirul Hassan Khan Falahi
260 ## - PUBLICATION, DISTRIBUTION, ETC. (IMPRINT)
Place of publication, distribution, etc N.Delhi
Name of publisher, distributor, etc Markazi Maktaba Islami Publishers
Date of publication, distribution, etc 2016 ء
270 ## - ADDRESS
Address D-307,Dawat Nagar ,Abulfazal Enclave,Jamia Nagar N.Delhi
City N.Delhi
Postal code 25
Telephone number 26981652
Fax number -
300 ## - PHYSICAL DESCRIPTION
Extent 116 ص
Dimensions 22 Cm(Hb)
942 ## - ADDED ENTRY ELEMENTS (KOHA)
Source of classification or shelving scheme Dewey Decimal Classification
Item type Urdu Bks
Classification part 270
Call number suffix ض م ی
Holdings
Withdrawn status Lost status Not for loan Collection code Home library Current library Date acquired Source of acquisition Cost, normal purchase price Full call number Barcode Copy number Cost, replacement price Koha item type
      Non-fiction D.B.Act.Division D.B.Act.Division 14/01/2020 DBAD/PUB 65.00 270 ض م ی U-9219 1 65.00 Urdu Bks

© Delhi Public Library
Hit Counter
free hit counter